Quiz sur une carte - Royaume-Uni - Statistiques

Statistiques générales
  • Ce quiz a été pris 13 798 fois
  • Le résultat moyen est 16 sur 34
Réponses sur la Carte
Les réponses sont colorées sur une échelle allant du rouge au vert en fonction du pourcentage des utilisateurs qui les ont devinées à leur premier essai. Vous pouvez retrouver ces pourcentages ci-dessous.
 
Statistiques - réponses
Answers % Correct
8,776,535 Londres
99%
Manche
96%
506,552 Liverpool
83%
Irlande
82%
Mer d'Irlande
82%
Lac écossais connu pour son monstre Loch Ness
77%
Pays qui a été incorporé au Royaume d'Angleterre en 1536 Pays de Galles
77%
Mer du Nord
71%
Océan Atlantique
67%
Stratford-upon-Avon : Ce dramaturge anglais est né là-bas William Shakespeare
65%
1,121,408 Birmingham
63%
Tamise
60%
Ville où le Titanic a été construit Belfast
56%
631,690 Glasgow
53%
Ancienne formation mégalithique Stonehenge
51%
Ancienne fortification défensive romaine commencée en l'an 122 de notre ère Mur d'Hadrien
48%
Ville dont l'équipe de football a remporté une victoire surprenante lors de la saison 2015-2016 de la Premier League Leicester
44%
536,321 Leeds
42%
Derry: Cette chanson de U2 fait référence à l'incident de 1972 qui s'est produit dans cette ville Sunday Bloody Sunday
39%
Région montagneuse du nord de l'Écosse Highlands
38%
Manchester : Ce footballeur est le meilleur buteur de l'équipe des 'Diables Rouges' de cette ville Wayne Rooney
37%
Bletchley : Pendant la Seconde Guerre mondiale, ce mathématicien et informaticien a décrypté Enigma dans cette ville Alan Turing
35%
Nation celtique à l'intérieur de l'Angleterre Cornouailles
31%
Dernier port de départ vers l'Amérique pour les Pères Pèlerins Plymouth
29%
Ville renommée pour ses thermes romains Bath
28%
1066 : Victoire décisive des Normands sur le roi Harold Godwinson Bataille d'Hastings
27%
Yorkshire: L'histoire de ce roman d'Emily Brontë se déroule principalement dans ce comté historique Les Hauts de Hurlevent
20%
Palais européen continuellement occupé depuis la plus longue période Château de Windsor
18%
1940 : Première grande campagne militaire entièrement menée par des forces aériennes Bataille d'Angleterre
17%
Édimbourg : Ce film suit un groupe de toxicomanes dans cette ville Trainspotting
16%
Formation d'environ 40 000 colonnes de basalte hexagonales Chaussée des Géants
15%
Ancienne capitale de l'Angleterre Winchester
12%
Ben Nevis
10%
Severn
8%
Aucun quiz correspondant
Distribution des résultats
% des personnes avec chaque résultat
Percentile par nombre de réponses
Votre historique - résultats
Vous n’avez pas pris ce quiz